000 00472nam a2200145 a 4500
008 120416s1968 xx |||||||||||||| || u
050 _aREF TN 145 Pee
100 _aPeele, Robert
245 1 0 _aMining engineer's handbook
250 _a3rd ed.
260 _a
_bJohn Wiley and Sons
_c1968
300 _a2vols. : ill
350 _a0.00
995 _D0.00
_FCBU-MAIN LIBRARY (Kitwe)
_H1
_I69.00
_M1
_UDAMAGED
_ZReference Collection
999 _c51292
_d51292